000 00665nam a2200277Ia 4500
008 180803s9999 xx 000 0 und d
020 _a9780590982351
050 _bR994 1989
100 _aRylant, Cynthia
245 0 _aGet the cold shivers /
245 0 _cby Cynthia Rylant ; pictures by Sucie Stevenson.
260 _aBroadway, New York :
260 _bScholastic,
260 _c1989
300 _a48 pages :
300 _bcolored ;
300 _c21cm.
440 _aHenry and Mudge ;
440 _v7
500 _a480
650 _aChildren stories.
650 _aDogs --
650 _xFiction.
700 _aSeries.
700 _aTitle.
999 _c358254
_d358254